ბათუმის შოთა რუსთაველის სახელმწიფო უნივერსიტეტის ბიბლიოთეკა

გიორგი მესამე. (ბიბ.ჩანაწერი № 48427)

000 -LEADER
fixed length control field 00737nam a2200229Ia 4500
001 - CONTROL NUMBER
control field 15319
003 - CONTROL NUMBER IDENTIFIER
control field GE_BSU
008 - FIXED-LENGTH DATA ELEMENTS--GENERAL INFORMATION
fixed length control field 181216s||||||||xx |||||||||||||| ||und||
040 ## - CATALOGING SOURCE
Transcribing agency GE_BSU
080 ## - UNIVERSAL DECIMAL CLASSIFICATION NUMBER
Universal Decimal Classification number 821.353.1-2
100 ## - MAIN ENTRY--PERSONAL NAME
Personal name შარვაშიძე,გიორგი
245 ## - TITLE STATEMENT
Title გიორგი მესამე.
245 ## - TITLE STATEMENT
Remainder of title ისტორიული დრამა 4 მოქმედებად
245 ## - TITLE STATEMENT
Statement of responsibility, etc. რედ. დ.მაისურაძე
260 ## - PUBLICATION, DISTRIBUTION, ETC.
Place of publication, distribution, etc. თბილისი
260 ## - PUBLICATION, DISTRIBUTION, ETC.
Name of publisher, distributor, etc. ხელოვნება
260 ## - PUBLICATION, DISTRIBUTION, ETC.
Date of publication, distribution, etc. 1948
300 ## - PHYSICAL DESCRIPTION
Extent 53გვ.20სმ.
653 ## - INDEX TERM--UNCONTROLLED
Uncontrolled term გიორგი მესამე
653 ## - INDEX TERM--UNCONTROLLED
Uncontrolled term ისტორიული დრამა
942 ## - ADDED ENTRY ELEMENTS (KOHA)
Koha item type წიგნი
ეგზემპლარები
Withdrawn status Lost status Damaged status Not for loan Date acquired Barcode Date last seen Price effective from Koha item type
        2018-12-17 37978 2018-12-17 2018-12-17 წიგნი
        2018-12-17 37979 2018-12-17 2018-12-17 წიგნი
        2018-12-17 37980 2018-12-17 2018-12-17 წიგნი
        2018-12-17 37981 2018-12-17 2018-12-17 წიგნი
        2018-12-17 37982 2018-12-17 2018-12-17 წიგნი
        2018-12-17 37983 2018-12-17 2018-12-17 წიგნი
        2018-12-17 37984 2018-12-17 2018-12-17 წიგნი
        2018-12-17 37985 2018-12-17 2018-12-17 წიგნი